• 首页
  • 本馆介绍
  • 公告通知
  • 最新文献
  • 馆藏检索
  • 电子资源
  • 读者导购
  • 参考咨询
  • 我的图书馆
  • 登录
  • 详细信息显示
  • 放入我的书架
  • 预约/预借图书
  • 作者相关作品
  • 分类相关作品
  • 丛书相关作品
  • 出版社相关作品

书目信息

  • 表格格式
  • 工作单格式
  • 卡片格式
题名:
三峡库区黄土坡滑坡滑带结构与水-力作用性质
    
 
作者: 王菁莪 著
分册:  
出版信息: 武汉   中国地质大学出版社  2019
页数: 173页
开本: 26cm
丛书名:
单 册:
中图分类: P642.22
科图分类:
主题词: 三峡水利工程--黄土区--滑坡--研究
电子资源:
ISBN: 978-7-5625-4606-1
000 01710nam0 2200265 450
001 012001003141
005 20140101095849.0
010    @a978-7-5625-4606-1@dCNY58.00
100    @a20191012d2019 em y0chiy50 ea
101 0  @achi
102    @aCN@b420000
105    @aa z 000yy
106    @ar
200 1  @a三峡库区黄土坡滑坡滑带结构与水-力作用性质@9san xia ku qu huang tu po hua po hua dai jie gou yu shui - li zuo yong xing zhi@dStructure and hydro-mechanical properties of sliding zones of Huangtupo landslide in the Three Gorges Reservoir area of China@f王菁莪[等]著@zeng
210    @a武汉@c中国地质大学出版社@d2019
215    @a173页@c图@d26cm
300    @a国家自然科学基金项目资助
304    @a著者还有:崔德山、王顺、苏爱军、项伟
330    @a本书共八章,其中第一章概述了三峡库区的地质灾害问题,巴东县城因地质灾害多次选址搬迁历史,黄土坡滑坡的勘察评估过程与早期研究结论;第二章基于区域地质资料与勘察资料,阐述了黄土坡滑坡的自然地质环境、滑坡基本特征及危害性与治理现状;第三章以黄土坡滑坡早期勘察结论为基础,结合巴东野外综合试验场地下隧洞群与钻孔揭露的地质信息与监测数据开展三维分析,提出了该滑坡滑带分布的新认识;第四至第七章分别介绍了滑带土成分与结构特征、残余强度与流变性质、土-水相互作用性质、以及非饱和强度性质的试验研究过程与分析结论;第八章结合饱和-非饱和水力耦合相关理论,分析了水位变化诱发涉水滑坡的力学机制,提出了滑坡体浅层与深部变形模式的概念模型。
510 1  @aStructure and hydro-mechanical properties of sliding zones of huangtupo landslide in the Three Gorges Reservoir area of China@zeng
606 0  @a三峡水利工程@x黄土区@x滑坡@x研究
690    @aP642.22@v5
701  0 @a王菁莪@9wang jing e@4著
801  0 @aCN@b北京卓展@c20191020
905    @b1210533-6@dP642.22@e115@f4
    
    三峡库区黄土坡滑坡滑带结构与水-力作用性质=Structure and hydro-mechanical properties of sliding zones of Huangtupo landslide in the Three Gorges Reservoir area of China/王菁莪[等]著.-武汉:中国地质大学出版社,2019
    173页:图;26cm
    国家自然科学基金项目资助
    
    ISBN 978-7-5625-4606-1:CNY58.00
    本书共八章,其中第一章概述了三峡库区的地质灾害问题,巴东县城因地质灾害多次选址搬迁历史,黄土坡滑坡的勘察评估过程与早期研究结论;第二章基于区域地质资料与勘察资料,阐述了黄土坡滑坡的自然地质环境、滑坡基本特征及危害性与治理现状;第三章以黄土坡滑坡早期勘察结论为基础,结合巴东野外综合试验场地下隧洞群与钻孔揭露的地质信息与监测数据开展三维分析,提出了该滑坡滑带分布的新认识;第四至第七章分别介绍了滑带土成分与结构特征、残余强度与流变性质、土-水相互作用性质、以及非饱和强度性质的试验研究过程与分析结论;第八章结合饱和-非饱和水力耦合相关理论,分析了水位变化诱发涉水滑坡的力学机制,提出了滑坡体浅层与深部变形模式的概念模型。
●
相关链接 在E读中查询图书 在五车中查询图书 在当当中查询图书 在豆瓣中查询图书


正题名:三峡库区黄土坡滑坡滑带结构与水-力作用性质     索取号:P642.22/115         预约/预借

序号 登录号 条形码 馆藏地/架位号 状态 备注
1 1210533   212105336   第二样本阅览室/ [索取号:P642.22/115] 在馆    
2 1210534   212105345   第三借阅区/ [索取号:P642.22/115] 在馆    
3 1210535   212105354   第三借阅区/ [索取号:P642.22/115] 在馆    
4 1210536   212105363   第三借阅区/ [索取号:P642.22/115] 在馆    
唐山师范学院图书馆 欢迎您!
大连网信软件有限公司© 版权所有